MDQL
is popping MORE tags! Check the
thread
!
Quizzes
Events
Quiz Creation
Community
Videos
Private Events
Remove Ads
Sign In
Join for FREE
Feedback
Dark Mode
Quiz Categories
Sports
Geography
Music
Movies
Television
Just For Fun
Miscellaneous
History
Literature
Language
Science
Gaming
Entertainment
Religion
Holiday
For Kids
Quiz Lab
Recent
Popular Today
Quiz Kudos Today
Editor Picks
Curator Picks
Quizzes by...
Day
Popularity
Type
Ratings
Length
Year
Community
Subscriptions
Recent Discussions
Orange Saloon
Badges
Playlists
Quests
Create
Leaderboards
Showdown
Live 5
Trivia Bingo
Activity
Puzzle Library
Sporcle Events
Private Events
Virtual Trivia
Globe League
Become a Host
Pub Owners
SporcleCon
Opinionation
Our Games
Videos
Blog
Mobile Apps
Partnerships
Remove Ads and Go Orange
Feedback
Sports
Athletes
MLB
NBA
NHL
NFL
Soccer
Sports Teams
WWE
NCAA
Football
Premier League
Basketball
Baseball
Hockey
Golf
Tennis
Cricket
Rugby
Auto Racing
Olympics
World Cup
Sports
Athletes
MLB
NBA
NHL
NFL
Soccer
Sports Teams
WWE
NCAA
Football
Premier League
Basketball
Baseball
Hockey
Golf
Tennis
Cricket
Rugby
Auto Racing
Olympics
World Cup
Random Quiz
Search Sporcle
×
Curator Pick
Curator Pick
Sports
Football
Type in answers that appear in a list
Type in answers that appear in a list
Classic
Best Score? Go Orange.
Athletes by Initials/Initial-Based Nicknames Stats
Can you name the Athletes that are known by their initials or have nicknames based on their initials?
By
JakeMiller99
5m
26 Questions
3,005 Plays
3,005 Plays
3,005 Plays
Comments
Comments
Give Quiz Kudos
Give Quiz Kudos
-
- Ratings
hide this ad
Forced Order
Answers have to be entered in order
Answers have to be entered in order
Replay
Link that replays current quiz
Next Quiz
Link to next quiz in quiz playlist
You Got
0%
They Got
Avg Score
68%
Avg Friend Score
Upgrade to see
Score Distribution
Jump to the score distribution portion of the page
Score
0/26
Timer
05:00
0
Plays Today
Initials
Name
% Correct
AP
Adrian Peterson
91.4%
AI
Allen Iverson
90%
ARod
Alex Rodriguez
89%
KD
Kevin Durant
88.8%
LBJ
LeBron James
88.5%
CPIII
Chris Paul
87.6%
MJ
Michael Jordan
87.3%
KG
Kevin Garnett
85.5%
CJ2K
Chris Johnson
79.7%
OBJ
Odell Beckham Jr.
79.3%
RGIII
Robert Griffin III
78.2%
AB
Antonio Brown
76.8%
TO
Terrell Owens
76.2%
Initials
Name
% Correct
LT
LaDainian Tomlinson
76%
LT
Lawrence Taylor
74.1%
CR7
Cristiano Ronaldo
72.3%
MJD
Maurice Jones-Drew
69.6%
JJ
Jimmie Johnson
68.8%
TMac
Tracy McGrady
68.3%
PG
Paul George
66.2%
KAT
Karl-Anthony Towns
63.3%
IT
Isaiah Thomas
62.4%
LJ
Larry Johnson
52.6%
TD
Terrell Davis
51%
CB4
Chris Bosh
48.2%
JV
Justin Verlander
30.9%
Quiz Playlist
Details
Report
Send in Message
Add To Playlist
Classic:
Type in answers that appear in a list
Forced Order:
Answers have to be entered in order
Last Updated: Sep 3, 2017
Curator Pick in
NFL
Quiz Scoreboard
CHALLENGE
Sign Up to Join the Scoreboard
Show All
Scores
Hide
Comments
May contain spoilers
Recently Published
Image Sorting: Flags VI
by Barbecue
Geography
2m
Find the 'City' Movie
by crazypaving
Movies
60s
Colored Red Africa Blitz
by spor1
Geography
45s
More to Explore
Quiz From the Vault
Featured Blog Post
14 Easter Pick-up Lines to Find Eggs With
hide this ad
You Might Also Like...
Tags
Baseball Quiz
Basketball Quiz
Football Quiz
NFL Quiz
Soccer Quiz
Athlete Nicknames
initial
NASCAR
US Sports
Today's Top Quizzes in Sports
Browse Sports
hide this ad
Today's Top Quizzes in Football
Browse Football
Top Contributed Quizzes in Sports
1
Les meilleurs buteurs des matchs entre le PSG et l’OM
2
Les entraîneurs de l'OM et du PSG au 21e siècle
3
Les joueurs passés par le PSG et l'OM
4
2022 World Cup Stars
5
Players with Multiple 50 Home Run Seasons
6
Criteria MLB: Left Handed Sluggers
7
Les joueurs passés par le LOSC et le RC Lens
8
NBA Logic Puzzle 2.0
9
MLB Players with Two .350 Batting Average Seasons
10
FIFA Club World Cup Champions
Explore More
Trending Topics
Anime
Harry Potter
Kpop
Crossword
NBA
Marvel
Disney
The Office
Country
Puzzle
Pokémon
NFL
WWE
Song
Soccer
hide this ad
More By:
JakeMiller99
Quiz
Plays
Rating
Category
Featured
Created
Athletes by Initials/Initial-Based Nicknames
3,005
2.93
Sports
Dec 9, 2016
NBA Over/Under
1,426
3.33
Sports
Dec 20, 2016
NC State Basketball 1983 Title Run
353
5.00
Sports
Apr 26, 2016
Presidents by One-Word Hint
299
4.55
History
May 12, 2016
Go to Creator's Profile
Score Distribution
Quiz Creator Spotlight
JakeMiller99
Follow
Send a Message
Quizzes Created
-
Created Quiz Play Count
-
More By This Creator
Popular Quizzes Today
1
Colored Red Africa Blitz
2
Find the US States - No Outlines Minefield
3
Find the 'City' Movie
4
5x2 Blitz: Bands
5
The Countries of the World
6
Find the US States
7
Find the Countries of Europe - No Outlines Minefield
8
US States
More Sports Quizzes
Repeat Japanese Grand Prix Winners
Quiz Lab
Trending Quizzes
Colored Red Europe Blitz I
Colored Red Europe Blitz II
Colored Red Africa Blitz II
Colored Red Europe Blitz III
Colored Red Africa Blitz III
Recently Updated
How Do You Spell That?
pecheneg
Godzilla Movies
pecheneg
Grab Bag: 4-10 Letters
pecheneg
2024 March Madness Bracket
pecheneg
Famous TV Couples
Peacemaker
Champions League XIs: Real Madrid
pecheneg
Largest US Cities 1790-2010
pecheneg
Rides in Walt Disney World
pecheneg
Most Oscar Losses (Acting)
pecheneg
Beyoncé Albums
pecheneg
Trending Topics
Crossword
Marvel
Disney
Anime
Harry Potter
Kpop
NBA
NFL
Country
Puzzle
Soccer
Pokémon
The Office
WWE
Song
Your Account Isn't Verified!
In order to create a playlist on Sporcle, you need to verify the email address you used during registration. Go to your
Sporcle Settings
to finish the process.
Report this User
Report this user for behavior that violates our
Community Guidelines
.
Details:
Send Report
Go to the Sporcle.com Mobile Site →
Comments